[Event "HUN-chT2 Szechenyi 1415"]
[Site "Hungary"]
[Date "2015.03.01"]
[Round "9.7"]
[White "Szokolszky, Miklos"]
[Black "Sashalmi, Adam"]
[Result "1-0"]
[WhiteElo "1847"]
[BlackElo "1786"]
[PlyCount "111"]
[EventDate "2014.09.07"]
[EventType "team-tourn"]
[EventRounds "11"]
[EventCountry "HUN"]
[SourceTitle "EXT 2016"]
[Source "ChessBase"]
[SourceDate "2015.10.08"]
[SourceVersion "1"]
[SourceVersionDate "2015.10.08"]
[SourceQuality "1"]
[WhiteTeam "Sarvar"]
[BlackTeam "Papa"]
[WhiteTeamCountry "HUN"]
[BlackTeamCountry "HUN"]

1. e4 e5 2. Nf3 Nf6 3. Nxe5 d6 4. Nf3 Nxe4 5. d4 Be7 6. Bd3 f5 7. 0-0 d5 8. Ne5 0-0 9. c4 c6 10. Nc3 Nxc3 11. bxc3 Nd7 12. Nxd7 Bxd7 13. Qb3 Qb6 14. Qxb6 axb6 15. cxd5 cxd5 16. Re1 Bd6 17. Bd2 g6 18. Reb1 Bc7 19. Rb2 Ra3 20. Re1 Re8 21. Rxe8+ Bxe8 22. g3 Kf7 23. Kf1 Bd7 24. Ke1 Bc6 25. Kd1 Ba4+ 26. Kc1 Bc6 27. Kb1 Ra8 28. Rc2 Bd8 29. Bf4 Ra3 30. Bd6 Ra5 31. Re2 Ra8 32. Bc2 Bf6 33. Bb3 b5 34. Bc2 Re8 35. Rxe8 Kxe8 36. Kb2 Bg5 37. f4 Be7 38. Bxe7 Kxe7 39. Kb3 Kd6 40. Kb4 Kc7 41. Kc5 b6+ 42. Kb4 Bb7 43. Bd3 Bc8 44. Bxb5 Be6 45. c4 Kd6 46. c5+ bxc5+ 47. dxc5+ Kc7 48. a4 d4 49. a5 Bd5 50. a6 Be4 51. Kc4 d3 52. Kc3 Bg2 53. Bxd3 Kc6 54. Kd4 Kd7 55. Bb5+ Kc7 56. Ke5 1-0

[Event "HUN-chT2 Szechenyi 1415"]
[Site "Hungary"]
[Date "2014.12.14"]
[Round "6.8"]
[White "Sashalmi, Adam"]
[Black "Borhy, Marcell Boldizsar"]
[Result "0-1"]
[WhiteElo "1786"]
[BlackElo "1571"]
[PlyCount "76"]
[EventDate "2014.09.07"]
[EventType "team-tourn"]
[EventRounds "11"]
[EventCountry "HUN"]
[SourceTitle "EXT 2016"]
[Source "ChessBase"]
[SourceDate "2015.10.08"]
[SourceVersion "1"]
[SourceVersionDate "2015.10.08"]
[SourceQuality "1"]
[WhiteTeam "Papa"]
[BlackTeam "Arboretum"]
[WhiteTeamCountry "HUN"]
[BlackTeamCountry "HUN"]

1. e4 c5 2. Nf3 d6 3. d4 cxd4 4. Nxd4 Nf6 5. Nc3 g6 6. Bc4 Bg7 7. Bg5 0-0 8. 0-0 Qb6 9. Nb3 Bg4 10. Qd2 Qb4 11. Bd3 Nbd7 12. Be3 Nc5 13. a3 Nxb3 14. axb4 Nxd2 15. Bxd2 Bd7 16. Ra3 a6 17. Rfa1 Rac8 18. Re1 Bc6 19. b5 axb5 20. Nxb5 Nd7 21. Na7 Ra8 22. Nxc6 bxc6 23. Bc3 Rxa3 24. Bxg7 Rfa8 25. bxa3 Kxg7 26. Ra1 Nc5 27. f3 Ra4 28. Be2 Kf6 29. Kf2 Ke5 30. Ke3 g5 31. Bd1 Rc4 32. Ra2 Na4 33. Be2 Rc3+ 34. Kd2 Kd4 35. Ba6 Re3 36. Bd3 c5 37. Bf1 c4 38. Be2 Nc3 0-1

[Event "Budapest-chT1 Lilienthal 1314"]
[Site "Budapest"]
[Date "2014.01.19"]
[Round "6"]
[White "Pammer Zagroczky, Gabor"]
[Black "Sashalmi, Adam"]
[Result "1-0"]
[WhiteElo "1930"]
[BlackElo "1777"]
[PlyCount "31"]
[EventDate "2013.09.29"]
[EventType "team-tourn"]
[EventRounds "11"]
[EventCountry "HUN"]
[SourceTitle "EXT 2021"]
[Source "ChessBase"]
[SourceDate "2020.10.23"]
[SourceVersion "1"]
[SourceVersionDate "2020.10.23"]
[SourceQuality "1"]
[WhiteTeam "Sarkany II"]
[BlackTeam "SENSE"]
[WhiteTeamCountry "HUN"]
[BlackTeamCountry "HUN"]

1. e4 e5 2. Nf3 Nc6 3. Bb5 d6 4. d4 Bd7 5. Nc3 Nf6 6. 0-0 a6 7. Bxc6 Bxc6 8. dxe5 Nd7 9. Bf4 dxe5 10. Nxe5 Nxe5 11. Bxe5 Bd7 12. Nd5 Rc8 13. Qd4 Rg8 14. Bf6 gxf6 15. Nxf6+ Ke7 16. Nxg8+ 1-0